top 30 LoL Esport Teams (March 2025) - Statistics

General Stats
  • This quiz has been taken 109 times
  • The average score is 19 of 30
Answer Stats
Ranking Region Answer % Correct
2 LCK T1
100%
3 LCK GEN
98%
4 LPL BLG
95%
7 LEC G2
95%
1 LCK HLE
93%
15 LEC FNC
89%
5 LPL TES
84%
6 LCK DK
83%
14 LEC KC
76%
16 (tie) LCK KT
76%
9 LPL JDG
75%
10 LTA FLY
72%
13 LPL AL
69%
11 LTA TL
69%
25 LEC MKOI
67%
8 LPL WBG
65%
23 LTA C9
64%
27 (tie) LPL IG
60%
18 LCP CFO
58%
22 LCK NS
53%
27 (tie) LTA 100T
52%
24 LEC BDS
48%
19 LCP GAM
45%
20 LPL LNG
45%
12 LCP TLN
45%
16 (tie) LPL NIP
39%
21 LPL TT
25%
26 LCP MVKE
18%
30 LPL OMG
18%
27 (tie) LPL LGD
12%
No matching quizzes found
Score Distribution
Percent of People with Each Score
Percentile by Number Answered
Your Score History
You have not taken this quiz